| 000 | 01318cam a2200205 a 4500 | ||
|---|---|---|---|
| 003 | OSt | ||
| 005 | 20200916113505.0 | ||
| 008 | 000210s19980000ck 1 spa d | ||
| 040 |
_aCO-BoPUJ _cCO-JMCR |
||
| 041 | 0 | _aspa | |
| 082 | 0 | 4 |
_a303.69 / _bH117h _223 |
| 111 | 2 |
_aAsamblea General Confecamaras (32 : 1998 oct. 1-2 : Ibague, Colombia) _910274 |
|
| 245 | 1 | 0 |
_aHacia una cultura de paz / _cAsamblea General Confecamaras |
| 260 |
_aIbague : _bCONFECAMARAS, _c1998. |
||
| 300 |
_a95 páginas ; _c24 cm. |
||
| 505 | 0 |
_tDerrotar la esperanza / _rEugenio Marulanda Gómez -- _tEl imperativo de la ética / _rAndrés Pastrana Arango -- _tCultura de paz / _rFederico Mayor Zaragoza -- _tDiplomacia para la paz / _rGuillermo Fernández de Soto -- _tPara los empresarios del empleo es el nuevo nombre de la paz / _rDeclaración de la XXXII Asamblea General de CONFECÁMARAS _tDelincuencia y seguridad en América Latina / _rLaura Chinchilla -- _tLas fuerzas armadas y la paz / _rJulio Balconi -- _tLa seguridad nacional / _rJean Arnault -- _tConfrontación de poderes / _rAlvaro Valencia Tovar -- _tPaz en los campos / _rAlberto González Murcia -- _tPaz y desarrollo / _rEnrique Mejía Fortich -- |
|
| 650 | 2 | 4 |
_aPaz _zColombia _vCongresos _910275 |
| 650 | 2 | 4 |
_aCondiciones sociales _xCongresos _zColombia _910276 |
| 942 |
_2ddc _cBK |
||
| 999 |
_c6850 _d6850 |
||